000
00346nam a2200157Ia 4500
100
_a
Spalding/Robert
650
_a
storage networks
942
_c
BK
366
_f
25
245
_a
Complete Reference Storage Networks
260
_b
McGraw - Hill
_c
2003
082
_a
4.68
_b
SPA
300
_a
526
546
_a
ENGLISH
_c
Computers
999
_c
32660
_d
32660